000 00731nam a2200229Ia 4500
003 OSt
005 20220923225101.0
006 a|||||r|||| 00| 0
007 ta
008 220922b |||||||| |||| 00| 0 hin d
024 _a256,697
037 _cTextual
040 _aARTS
_cARTS
_bhin
041 _2hin
_ahin
082 _aO152,6N20x, K6
100 _aदीक्षित, त्रिलोकी नारायण
245 0 _aहिन्दी साहित्य
_b कुछ विचार
246 _aHindī sāhitya: kuchh vichāra
260 _c1966
942 _hO152,6N20x, K6
_cTEXL
_2CC
999 _c375908
_d375908